NBA Playoffs 2015 Starting Line-ups - Statistics

General Stats
  • This quiz has been taken 820 times
  • The average score is 47 of 80
Answer Stats
Answer % Correct
Stephen Curry
98%
Klay Thompson
94%
LeBron James
93%
James Harden
92%
Draymond Green
91%
Daniel Green
90%
Jeff Green
90%
Chris Paul
89%
Anthony Davis
86%
Blake Griffin
86%
Kyrie Irving
86%
Damian Lillard
85%
Tony Parker
83%
John Wall
82%
Tim Duncan
82%
Kevin Love
81%
Marc Gasol
81%
Pau Gasol
81%
Andrew Bogut
80%
DeAndre Jordan
80%
Derrick Rose
80%
Kyle Lowry
80%
Dirk Nowitzki
79%
Dwight Howard
78%
JR Smith
77%
DeMar DeRozan
76%
Kawhi Leonard
76%
Bradley Beal
75%
Harrison Barnes
74%
Al Horford
73%
Brook Lopez
73%
Matt Barnes
73%
Robin Lopez
72%
Jimmy Butler
71%
LaMarcus Aldridge
69%
Mike Conley
69%
Deron Williams
68%
Jeff Teague
68%
Joakim Noah
67%
Paul Millsap
67%
Kyle Korver
66%
Marcin Gortat
62%
Paul Pierce
61%
Joe Johnson
60%
Zach Randolph
59%
JJ Redick
56%
Rajon Rondo
54%
Trevor Ariza
54%
CJ McCollum
49%
DeMarre Carroll
48%
Tiago Splitter
47%
Timofey Mozgov
47%
Tyson Chandler
47%
Avery Bradley
46%
Khris Middleton
46%
Eric Gordon
44%
Michael C-Williams
43%
Marcus Smart
42%
Nicolas Batum
42%
Chandler Parsons
41%
Nene
41%
Jonas Valanciunas
40%
Monta Ellis
38%
Courtney Lee
37%
G Antetokounmpo
37%
Terrence Jones
35%
Tyreke Evans
35%
Jason Terry
33%
Terrence Ross
31%
Mike Dunleavy
29%
Omer Asik
29%
Thaddeus Young
22%
Evan Turner
21%
Zaza Pachulia
21%
Tyler Zeller
19%
Brandon Bass
16%
Ersan Ilyasova
13%
Markel Brown
13%
Quincy Pondexter
10%
Tyler Hansbrough
6%
No matching quizzes found
Score Distribution
Percent of People with Each Score
Percentile by Number Answered
Your Score History
You have not taken this quiz